[Event "DEM U18w 2009"]
[Site "Willingen GER"]
[Date "2009.06.02"]
[Round "5"]
[White "Stein, Simone"]
[Black "Häcker, Katrin"]
[Result "1/2-1/2"]
[Termination "normal"]
[Board "13"]
[WhiteElo "1351"]
[BlackElo "1604"]
[PlyCount "62"]
[WhiteFideId "24692875"]
[BlackFideId "24667986"]
[EventCountry "GER"]
[EventRounds "9"]
[EventType "swiss"]
[EventDate "2009.05.30"]

1. e4 e5 2. Nf3 Nc6 3. Bc4 Bc5 4. c3 Nf6 5. d3 d5 6. exd5 Nxd5 7. Qe2 O-O 8.
O-O Bg4 9. Nbd2 Nf4 10. Qe1 Re8 11. Qd1 Nxd3 12. Ne4 Nxf2 13. Nxf2 Qxd1 14.
Rxd1 e4 15. Bxf7+ Kxf7 16. Ng5+ Kg6 17. Rd5 Bb6 18. Kf1 Be6 19. Nxe6 Rxe6 20.
Ke2 Rf8 21. Be3 Bxe3 22. Kxe3 Ne7 23. Rd7 Nf5+ 24. Ke2 Rf7 25. Rad1 Nh4 26.
Rxf7 Kxf7 27. Rd7+ Kg6 28. g3 Ng2 29. Rxc7 Rb6 30. Nd1 Rd6 31. Re7 e3 1/2-1/2

[Event "DEM U18w 2009"]
[Site "Willingen GER"]
[Date "2009.06.03"]
[Round "6"]
[White "Hannes, Diana"]
[Black "Mertens, Pauline"]
[Result "1-0"]
[Termination "normal"]
[Board "1"]
[WhiteElo "2061"]
[BlackElo "1922"]
[PlyCount "95"]
[WhiteFideId "24611344"]
[BlackFideId "24671959"]
[EventCountry "GER"]
[EventRounds "9"]
[EventType "swiss"]
[EventDate "2009.05.30"]

1. e4 c5 2. Nf3 d6 3. Bb5+ Bd7 4. Bxd7+ Qxd7 5. c4 Nc6 6. Nc3 g6 7. d4 cxd4 8.
Nxd4 Bg7 9. Nde2 Nf6 10. O-O O-O 11. f3 Ne5 12. b3 a6 13. a4 b6 14. Bg5 Qb7 15.
Rb1 Rfe8 16. Qd2 Rab8 17. Kh1 Nc6 18. Bh6 Bh8 19. Be3 Ne5 20. Nd4 Rbc8 21. Qe2
Bg7 22. Nd5 Ned7 23. Bg1 Qb8 24. Qd2 Qb7 25. Rfc1 Kh8 26. Be3 Kg8 27. Qb4 Rb8
28. Qd2 Rbc8 29. Rc2 Ne5 30. Ra2 a5 31. Rc2 Qa6 32. Nb5 Nxd5 33. exd5 Qb7 34.
Rcc1 Qb8 35. Re1 Qb7 36. Re2 Rcd8 37. Bg5 Bf8 38. Rbe1 f6 39. Be3 Rb8 40. Nd4
Qd7 41. Ne6 Nf7 42. Bd4 Bh6 43. f4 Qb7 44. Qe3 Kh8 45. Qf2 Kg8 46. h4 Kh8 47.
Ng5 Kg7 48. Bxf6+ 1-0

[Event "DEM U18w 2009"]
[Site "Willingen GER"]
[Date "2009.06.03"]
[Round "6"]
[White "Jussupow, Ekaterina"]
[Black "Penne, Bo"]
[Result "1/2-1/2"]
[Termination "normal"]
[Board "2"]
[WhiteElo "2186"]
[BlackElo "1951"]
[PlyCount "134"]
[WhiteFideId "24625400"]
[BlackFideId "24642193"]
[EventCountry "GER"]
[EventRounds "9"]
[EventType "swiss"]
[EventDate "2009.05.30"]

1. e4 e6 2. d4 d5 3. Nc3 Bb4 4. exd5 exd5 5. Bd3 c6 6. Qf3 Qf6 7. a3 Bd6 8. Be3
Be6 9. O-O-O Nd7 10. Nce2 O-O-O 11. Nf4 Ne7 12. Nge2 g6 13. h4 h5 14. Nxe6 Qxe6
15. Bf4 Nf6 16. Bxd6 Qxd6 17. Rhe1 Rhe8 18. Nf4 Ng4 19. Re2 Ng8 20. Rde1 Rxe2
21. Rxe2 Qf6 22. Nh3 N8h6 23. Ng5 Qxd4 24. Nxf7 Nxf7 25. Qxf7 Ne5 26. Qe6+ Nd7
27. g3 Rf8 28. Qd6 Qf6 29. Qxf6 Rxf6 30. b4 Kd8 31. Kd2 Nf8 32. c3 Ne6 33. f4
Kd7 34. Re5 Kd6 35. Ke3 b6 36. c4 Nc7 37. Rg5 dxc4 38. Bxc4 Ne6 39. Re5 Ng7 40.
Kf2 Nf5 41. Re4 c5 42. b5 Kd7 43. Re5 Nxh4 44. Bd5 Nf5 45. a4 Nd4 46. Kg2 h4
47. Kh3 hxg3 48. Kxg3 Ne6 49. Bc6+ Kc7 50. Re4 Kd6 51. Kg4 Rf8 52. Kg3 g5 53.
fxg5 Nxg5 54. Re1 Rd8 55. Bg2 Ne6 56. Kf2 Nd4 57. Rh1 Re8 58. Rh5 Re2+ 59. Kf1
Re5 60. Rh7 Re7 61. Rh5 Rf7+ 62. Ke1 Nf5 63. Kd2 Ne7 64. Kc3 Rg7 65. Bh1 Rg3+
66. Kb2 Rg4 67. Kb3 Rg3+ 1/2-1/2

[Event "DEM U18w 2009"]
[Site "Willingen GER"]
[Date "2009.06.03"]
[Round "6"]
[White "Karmann, Anna"]
[Black "Frey, Alisa"]
[Result "1/2-1/2"]
[Termination "normal"]
[Board "3"]
[WhiteElo "1903"]
[BlackElo "1984"]
[PlyCount "170"]
[WhiteFideId "24648000"]
[BlackFideId "24634662"]
[EventCountry "GER"]
[EventRounds "9"]
[EventType "swiss"]
[EventDate "2009.05.30"]

1. c4 Nf6 2. Nf3 c6 3. g3 d5 4. b3 Bg4 5. Bg2 Nbd7 6. Bb2 e6 7. O-O Bd6 8. d3
O-O 9. Nbd2 a5 10. h3 Bh5 11. cxd5 exd5 12. Qc2 Re8 13. e4 Bxf3 14. Bxf3 Qb6
15. Rac1 Bxg3 16. Bxf6 Nxf6 17. exd5 cxd5 18. Qc5 Qxc5 19. Rxc5 b6 20. Rb5 Bc7
21. Rc1 Rac8 22. Kg2 Red8 23. Nf1 Kf8 24. Ne3 d4 25. Nd5 Nxd5 26. Rxd5 Rxd5 27.
Bxd5 Rd8 28. Bc6 Be5 29. Bb5 Rd5 30. a4 Bd6 31. Rc6 Bc5 32. Rc7 Rf5 33. Bc4 g5
34. Rd7 h6 35. Kg3 Ke8 36. Rb7 Kf8 37. Rd7 Rf6 38. Kg2 Kg7 39. Kg3 Bb4 40. Kg2
h5 41. f3 Rf4 42. Rd5 Kg6 43. Rd8 f6 44. Rb8 Bc5 45. Re8 g4 46. hxg4 hxg4 47.
Rg8+ Kf5 48. fxg4+ Rxg4+ 49. Rxg4 Kxg4 50. Bd5 Kf4 51. Kf2 Bf8 52. Ke2 Bh6 53.
Bc6 Bg5 54. Bb7 Kg3 55. Be4 Be3 56. Bf5 Kf4 57. Be4 f5 58. Bd5 Kg3 59. Bc6 Bc1
60. Bb7 f4 61. Be4 Kg4 62. Bc6 Kf5 63. Be4+ Ke5 64. Kd1 Bb2 65. Kc2 Bc3 66. Kd1
Bb4 67. Ke2 Ba3 68. Kd1 Kd6 69. Kc2 Kc5 70. Bf3 Bb4 71. Be4 Be1 72. Bf3 b5 73.
axb5 Kxb5 74. Be4 Kb4 75. Bc6 Bf2 76. Be4 Be3 77. Bc6 Kc5 78. Be4 Kd6 79. Kd1
Ke6 80. Ke2 Ke5 81. Bc6 Kd6 82. Be4 Kc5 83. Kd1 Bf2 84. Kc2 Kb4 85. Bc6 Kc5
1/2-1/2

[Event "DEM U18w 2009"]
[Site "Willingen GER"]
[Date "2009.06.03"]
[Round "6"]
[White "Lorenz, Nicole"]
[Black "Voss, Chantal"]
[Result "0-1"]
[Termination "normal"]
[Board "4"]
[WhiteElo "1842"]
[BlackElo "1878"]
[PlyCount "82"]
[WhiteFideId "24623709"]
[BlackFideId "4664906"]
[EventCountry "GER"]
[EventRounds "9"]
[EventType "swiss"]
[EventDate "2009.05.30"]

1. e4 e6 2. d4 d5 3. Nc3 Nf6 4. Bg5 Be7 5. e5 Nfd7 6. Bxe7 Qxe7 7. f4 O-O 8.
Nf3 f6 9. Qd2 a6 10. Ne2 c5 11. c3 Nc6 12. Ng3 b5 13. Rc1 fxe5 14. fxe5 Nb6 15.
b3 c4 16. b4 a5 17. a3 axb4 18. axb4 Ra3 19. Be2 Bd7 20. O-O h6 21. Ra1 Rfa8
22. Qb2 R3a7 23. Rxa7 Rxa7 24. Bd1 Be8 25. Qc2 Ra3 26. Ne2 Qa7 27. Nh4 Ra2 28.
Qc1 Qe7 29. Qf4 Na4 30. Qg3 Qg5 31. Qxg5 hxg5 32. Nf3 g4 33. Ng5 Nd8 34. Nc1
Rd2 35. Bxg4 Nxc3 36. Nxe6 Nxe6 37. Bxe6+ Kh7 38. Bf5+ Kh6 39. Rf3 Rd1+ 40. Kf2
Rxc1 41. Rh3+ Kg5 0-1

[Event "DEM U18w 2009"]
[Site "Willingen GER"]
[Date "2009.06.03"]
[Round "6"]
[White "Strößner, Lena"]
[Black "Zimmer, Ketsarin"]
[Result "1-0"]
[Termination "normal"]
[Board "6"]
[WhiteElo "1989"]
[BlackElo "1710"]
[PlyCount "67"]
[WhiteFideId "4623525"]
[BlackFideId "4696182"]
[EventCountry "GER"]
[EventRounds "9"]
[EventType "swiss"]
[EventDate "2009.05.30"]

1. Nf3 d5 2. d4 c6 3. g3 Bf5 4. Bg2 Nd7 5. O-O e6 6. Nbd2 Ngf6 7. c4 Bd6 8. Re1
O-O 9. Nh4 Bg6 10. Nxg6 fxg6 11. e4 Bb4 12. cxd5 cxd5 13. exd5 Bxd2 14. Bxd2
exd5 15. Qb3 Nb6 16. Bb4 Rf7 17. Re2 Qd7 18. Rae1 h5 19. Bc5 Nc4 20. Qc2 b6 21.
Be7 g5 22. b3 Na5 23. Qg6 Ne4 24. Bxe4 dxe4 25. Rxe4 Nc6 26. Bxg5 Nxd4 27. Kg2
Raf8 28. Bf4 Nc2 29. R1e2 Qd3 30. Qxh5 Rf5 31. Qg6 R5f6 32. Qg4 Nd4 33. R2e3
Qd2 34. Qd7 1-0

[Event "DEM U18w 2009"]
[Site "Willingen GER"]
[Date "2009.06.03"]
[Round "6"]
[White "Kohm, Vanessa"]
[Black "van Orsouw, Svenja"]
[Result "0-1"]
[Termination "normal"]
[Board "7"]
[WhiteElo "1779"]
[BlackElo "1697"]
[PlyCount "52"]
[WhiteFideId "4674472"]
[BlackFideId "24677124"]
[EventCountry "GER"]
[EventRounds "9"]
[EventType "swiss"]
[EventDate "2009.05.30"]

1. e4 c5 2. d3 Nc6 3. Nc3 d6 4. g3 g6 5. Bg2 Bg7 6. f4 e6 7. Nf3 Nge7 8. O-O
Rb8 9. g4 f5 10. gxf5 exf5 11. exf5 Bxf5 12. Nh4 O-O 13. Ne4 d5 14. Nxf5 Nxf5
15. Ng5 Qd6 16. c3 h6 17. Nf3 Rbe8 18. Re1 b6 19. Bh3 d4 20. Bxf5 gxf5 21. c4
Qg6+ 22. Kh1 Rxe1+ 23. Qxe1 Nb4 24. Qd2 Re8 25. a3 Qg4 26. Qd1 Nc2 0-1

[Event "DEM U18w 2009"]
[Site "Willingen GER"]
[Date "2009.06.03"]
[Round "6"]
[White "Hingst, Silke"]
[Black "Herbold, Nora Marina"]
[Result "1/2-1/2"]
[Termination "normal"]
[Board "8"]
[WhiteElo "1833"]
[BlackElo "1608"]
[PlyCount "123"]
[WhiteFideId "4624564"]
[BlackFideId "4624548"]
[EventCountry "GER"]
[EventRounds "9"]
[EventType "swiss"]
[EventDate "2009.05.30"]

1. e4 c5 2. c3 d5 3. exd5 Qxd5 4. d4 g6 5. Nf3 Bg7 6. dxc5 Qxc5 7. Be3 Qc7 8.
Na3 Bd7 9. Nb5 Bxb5 10. Bxb5+ Nc6 11. O-O Nf6 12. Qa4 O-O 13. Qh4 Ne5 14. Nxe5
Qxe5 15. Ba4 Nh5 16. Bd1 Bf6 17. Qb4 Ng7 18. Bf3 Qc7 19. Rad1 Nf5 20. Bc1 Rad8
21. Qxb7 Qxb7 22. Bxb7 Nd6 23. Bc6 Nc4 24. Bb5 Nb6 25. Bh6 Rxd1 26. Rxd1 Rc8
27. Be3 Nc4 28. Bxc4 Rxc4 29. Rd8+ Kg7 30. Ra8 Re4 31. Kf1 Re5 32. Bd4 Rb5 33.
Bxf6+ Kxf6 34. b4 Rb7 35. Ke2 Rd7 36. c4 Rd4 37. Rxa7 Rxc4 38. a3 Rc2+ 39. Ke3
Rb2 40. Ra5 Ke6 41. b5 Rb3+ 42. Kf4 Rb2 43. Kg3 Kd6 44. a4 Kc7 45. Ra7+ Kd6 46.
Ra6+ Kc7 47. Rc6+ Kb7 48. Rc4 f5 49. Kf3 e5 50. Rh4 h5 51. Rc4 g5 52. Rc5 g4+
53. Kg3 f4+ 54. Kh4 Rxf2 55. Rxe5 Rxg2 56. Kxh5 g3 57. hxg3 fxg3 58. Kh4 Ra2
59. Re7+ Kb6 60. Re6+ Kb7 61. Re4 g2 62. Re7+ 1/2-1/2

[Event "DEM U18w 2009"]
[Site "Willingen GER"]
[Date "2009.06.03"]
[Round "6"]
[White "Breitwieser, Jasmin"]
[Black "Kickert, Germaine Helene"]
[Result "0-1"]
[Termination "normal"]
[Board "9"]
[WhiteElo "1874"]
[BlackElo "1933"]
[PlyCount "96"]
[WhiteFideId "24601705"]
[BlackFideId "24614890"]
[EventCountry "GER"]
[EventRounds "9"]
[EventType "swiss"]
[EventDate "2009.05.30"]

1. e4 c5 2. Nc3 Nc6 3. Nf3 e6 4. d4 cxd4 5. Nxd4 Nf6 6. Be2 Bb4 7. O-O Bxc3 8.
bxc3 Nxe4 9. Bd3 Nxc3 10. Qg4 Nxd4 11. Qxg7 Nce2+ 12. Bxe2 Nxe2+ 13. Kh1 Nxc1
14. Qxh8+ Ke7 15. Qxd8+ Kxd8 16. Raxc1 b5 17. Rfe1 Bb7 18. Re5 a6 19. f3 f5 20.
Kg1 Rc8 21. Kf2 b4 22. Ra5 Rc4 23. Ra4 d5 24. a3 b3 25. Rxc4 dxc4 26. cxb3 cxb3
27. Ke3 Kd7 28. h3 e5 29. g4 f4+ 30. Kf2 e4 31. Rb1 e3+ 32. Ke2 Bd5 33. h4 Bc4+
34. Ke1 Kc6 35. g5 Kb5 36. h5 Ka4 37. g6 hxg6 38. h6 Bg8 39. Kd1 Bh7 40. Kc1 g5
41. Ra1 e2 42. Kb2 g4 43. fxg4 f3 44. g5 f2 45. g6 Bxg6 46. h7 Bxh7 47. Rh1
e1=Q 48. Rxe1 fxe1=R 0-1

[Event "DEM U18w 2009"]
[Site "Willingen GER"]
[Date "2009.06.03"]
[Round "6"]
[White "Wisheckel, Lena"]
[Black "Adermann, Mara"]
[Result "1-0"]
[Termination "normal"]
[Board "10"]
[WhiteElo "1672"]
[BlackElo "1704"]
[PlyCount "59"]
[WhiteFideId "24691992"]
[EventCountry "GER"]
[EventRounds "9"]
[EventType "swiss"]
[EventDate "2009.05.30"]

1. d4 Nf6 2. Nc3 d5 3. Bg5 Nbd7 4. f3 h6 5. Bh4 c6 6. e4 Qb6 7. Rb1 dxe4 8.
fxe4 e6 9. e5 Nd5 10. Nxd5 cxd5 11. c3 g5 12. Bf2 Qc7 13. Bd3 Nb6 14. Ne2 Bd7
15. O-O O-O-O 16. b3 Kb8 17. a4 Be7 18. a5 Nc8 19. a6 b6 20. c4 dxc4 21. bxc4
Bc6 22. Qc2 Qd7 23. Be4 h5 24. c5 Bxe4 25. Qxe4 Qd5 26. Qe3 Ka8 27. Rfc1 f5 28.
Nc3 Qd7 29. Qf3+ Kb8 30. c6 1-0

[Event "DEM U18w 2009"]
[Site "Willingen GER"]
[Date "2009.06.03"]
[Round "6"]
[White "Voss, Janine"]
[Black "Knof, Henrike"]
[Result "1-0"]
[Termination "normal"]
[Board "11"]
[WhiteElo "1838"]
[BlackElo "1486"]
[PlyCount "45"]
[WhiteFideId "24677329"]
[EventCountry "GER"]
[EventRounds "9"]
[EventType "swiss"]
[EventDate "2009.05.30"]

1. e4 e5 2. Nf3 Nc6 3. d4 exd4 4. Nxd4 Bc5 5. Be3 Qf6 6. c3 Nge7 7. Bc4 d6 8.
O-O Ne5 9. Be2 O-O 10. Nd2 d5 11. Kh1 Bb6 12. f4 Qh6 13. Bg1 N5g6 14. Bd3 f5
15. exd5 Nxd5 16. Bc4 c6 17. Qf3 Nge7 18. Rae1 Kh8 19. Bd3 Bc7 20. c4 Nxf4 21.
Rxe7 Nxd3 22. Qxd3 Qd6 23. Qe2 1-0

[Event "DEM U18w 2009"]
[Site "Willingen GER"]
[Date "2009.06.03"]
[Round "6"]
[White "Stein, Simone"]
[Black "Sancar, Alina"]
[Result "0-1"]
[Termination "normal"]
[Board "12"]
[WhiteElo "1351"]
[BlackElo "1759"]
[PlyCount "36"]
[WhiteFideId "24692875"]
[BlackFideId "4624750"]
[EventCountry "GER"]
[EventRounds "9"]
[EventType "swiss"]
[EventDate "2009.05.30"]

1. e4 c5 2. Nf3 Nc6 3. d4 cxd4 4. Nxd4 g6 5. Be3 Bg7 6. Nc3 Nf6 7. f3 O-O 8.
Qd2 d5 9. exd5 Nxd5 10. Nxc6 bxc6 11. Nxd5 cxd5 12. c3 Qa5 13. Bh6 Rb8 14. Bxg7
Kxg7 15. Be2 Be6 16. Bd1 Rfd8 17. Qd4+ Kg8 18. Bb3 Rxb3 0-1

[Event "DEM U18w 2009"]
[Site "Willingen GER"]
[Date "2009.06.03"]
[Round "6"]
[White "Häcker, Katrin"]
[Black "Müller, Anna-Louise"]
[Result "1-0"]
[Termination "normal"]
[Board "13"]
[WhiteElo "1604"]
[BlackElo "1581"]
[PlyCount "93"]
[WhiteFideId "24667986"]
[BlackFideId "4633512"]
[EventCountry "GER"]
[EventRounds "9"]
[EventType "swiss"]
[EventDate "2009.05.30"]

1. e4 c5 2. Nf3 d6 3. d4 cxd4 4. Nxd4 Nf6 5. Nc3 g6 6. Be3 Bg7 7. f3 O-O 8. Qd2
Nc6 9. O-O-O Bd7 10. g4 Ne5 11. h4 Rc8 12. h5 Nc4 13. Bxc4 Rxc4 14. Nde2 Qa5
15. Bh6 Rfc8 16. Bxg7 Kxg7 17. hxg6 fxg6 18. Qh6+ Kg8 19. Rd5 Qb6 20. Ng3 Qf2
21. g5 Qe3+ 22. Rd2 Rd4 23. gxf6 Qxh6 24. Rxh6 Rxd2 25. Kxd2 exf6 26. Nd5 Kg7
27. Rh2 Rc5 28. f4 Bg4 29. Ne3 Bd7 30. f5 Bc8 31. Rg2 g5 32. Nh5+ Kf7 33. Ng4
d5 34. Nhxf6 dxe4 35. Nxe4 Rd5+ 36. Ke3 Bxf5 37. Nxg5+ Ke7 38. Nh6 Bg6 39. Ng8+
Kf8 40. Nf6 Re5+ 41. Kd4 Re7 42. Rf2 Kg7 43. Kd5 Bxc2 44. Kd6 Re1 45. Rxc2 Kxf6
46. Nxh7+ Kf5 47. Nf8 1-0

[Event "DEM U18w 2009"]
[Site "Willingen GER"]
[Date "2009.06.04"]
[Round "7"]
[White "Penne, Bo"]
[Black "Hannes, Diana"]
[Result "0-1"]
[Termination "normal"]
[Board "1"]
[WhiteElo "1951"]
[BlackElo "2061"]
[PlyCount "80"]
[WhiteFideId "24642193"]
[BlackFideId "24611344"]
[EventCountry "GER"]
[EventRounds "9"]
[EventType "swiss"]
[EventDate "2009.05.30"]

1. e4 c5 2. Nf3 Nc6 3. Bb5 e6 4. O-O Nge7 5. Re1 a6 6. Bf1 d5 7. exd5 Nxd5 8.
Nc3 Be7 9. Nxd5 Qxd5 10. d3 O-O 11. Bf4 Bf6 12. c3 b6 13. Nd2 Qd8 14. Ne4 Be7
15. Qf3 e5 16. Bxe5 Nxe5 17. Nf6+ Bxf6 18. Qxa8 Qc7 19. Qe4 Bb7 20. Qf5 Ng6 21.
Rad1 Be5 22. h3 Bf6 23. Rd2 h6 24. Rde2 Bc6 25. Rc2 Qb7 26. Qg4 Rd8 27. f4 Bd7
28. Qg3 Bh4 29. Qe3 Bxe1 30. Qxe1 Nxf4 31. Qh4 Qc7 32. Rf2 Ng6 33. Qc4 Bb5 34.
Qe4 Re8 35. Qf3 Bc6 36. Qf5 Re5 37. Qg4 Qd7 38. Qg3 b5 39. Re2 Qe6 40. Qf2 Qf5
0-1

[Event "DEM U18w 2009"]
[Site "Willingen GER"]
[Date "2009.06.04"]
[Round "7"]
[White "Karmann, Anna"]
[Black "Jussupow, Ekaterina"]
[Result "0-1"]
[Termination "normal"]
[Board "2"]
[WhiteElo "1903"]
[BlackElo "2186"]
[PlyCount "124"]
[WhiteFideId "24648000"]
[BlackFideId "24625400"]
[EventCountry "GER"]
[EventRounds "9"]
[EventType "swiss"]
[EventDate "2009.05.30"]

1. c4 Nf6 2. Nf3 e6 3. g3 d5 4. b3 d4 5. Bg2 c5 6. O-O Be7 7. d3 Nc6 8. e3 dxe3
9. fxe3 e5 10. Bb2 Bg4 11. Qd2 Qc7 12. Nc3 Rd8 13. e4 O-O 14. Nd5 Qd6 15. Rae1
Nd7 16. Kh1 Rde8 17. Ng1 Bd8 18. Bc3 Qg6 19. Bf3 Be6 20. Qd1 Ba5 21. Bxa5 Nxa5
22. Bh5 Qh6 23. Bg4 Nc6 24. Nc7 Rc8 25. Nd5 Qg5 26. Bh3 Kh8 27. Kg2 g6 28. Bxe6
fxe6 29. Nh3 Qh6 30. Rxf8+ Rxf8 31. Ne3 Nf6 32. Nf2 Qg7 33. Nfg4 Ng8 34. Rf1
Rd8 35. Nc2 Qd7 36. Rf3 Kg7 37. Qf1 Qe7 38. Qf2 h5 39. Nge3 Nh6 40. Qf1 Rd7 41.
Nd1 Qd8 42. Nc3 Qa5 43. Qe1 Nd4 44. Na4 Qxe1 45. Nxe1 Nxf3 46. Kxf3 b6 47. h3
Nf7 48. Nc3 Nd8 49. Ke3 Nc6 50. Ne2 Nb4 51. Nc3 g5 52. Ke2 g4 53. h4 Kf6 54.
Ke3 Ke7 55. Ke2 Kd8 56. Ke3 a6 57. Ke2 Nc6 58. Ke3 Nd4 59. Na4 Kc7 60. Nc3 Rf7
61. Kd2 Rf1 62. Ne2 Rf2 0-1

[Event "DEM U18w 2009"]
[Site "Willingen GER"]
[Date "2009.06.04"]
[Round "7"]
[White "Voss, Chantal"]
[Black "Frey, Alisa"]
[Result "0-1"]
[Termination "normal"]
[Board "3"]
[WhiteElo "1878"]
[BlackElo "1984"]
[PlyCount "162"]
[WhiteFideId "4664906"]
[BlackFideId "24634662"]
[EventCountry "GER"]
[EventRounds "9"]
[EventType "swiss"]
[EventDate "2009.05.30"]

1. d4 Nf6 2. c4 g6 3. Nc3 d5 4. cxd5 Nxd5 5. e4 Nxc3 6. bxc3 Bg7 7. Bc4 c5 8.
Ne2 Nc6 9. Be3 O-O 10. O-O Qc7 11. Rc1 Rd8 12. Qc2 a6 13. Bd3 b5 14. Ng3 Qd6
15. e5 Nxe5 16. dxe5 Qxe5 17. Be4 Rb8 18. Rfe1 f5 19. Bf3 Qc7 20. Bg5 Re8 21.
Qd2 e5 22. Bd5+ Kh8 23. Rcd1 Rb6 24. f3 Rd6 25. Qc1 c4 26. Qa3 h6 27. Bc1 Red8
28. f4 e4 29. Be3 Rxd5 30. Rxd5 Rxd5 31. Nf1 Kh7 32. Kf2 Rd3 33. Rc1 Qd8 34.
Ke2 Qf6 35. Bd2 Qd8 36. Be3 Bf8 37. Qb2 Qa5 38. Qc2 Qa3 39. Nd2 Be6 40. Nb1 Qd6
41. Nd2 Qd8 42. g3 Be7 43. h4 Bf6 44. Nb1 Bf7 45. Kf2 Kg8 46. Rh1 a5 47. a3 Be8
48. Qc1 Bc6 49. Re1 Qe7 50. Qc2 Qg7 51. Bd2 Qf8 52. Be3 Be7 53. Qb2 Qd8 54. Qc2
Qd6 55. Rc1 Kf7 56. Ke2 Bd7 57. Qb2 Bc6 58. Qc2 Bd5 59. Kf2 Be6 60. Re1 b4 61.
axb4 axb4 62. cxb4 Qxb4 63. Bd2 Bc5+ 64. Be3 Rxe3 65. Rxe3 Qb6 66. Qc1 Ke7 67.
Nc3 Kd6 68. Ke2 Bxe3 69. Qxe3 Qxe3+ 70. Kxe3 Kc5 71. Ne2 Bd7 72. Nc3 Kb4 73.
Nd5+ Kb3 74. Kd2 Be6 75. Ne3 c3+ 76. Kc1 Bc8 77. Nd5 Bd7 78. Ne7 Be8 79. Nd5
Kc4 80. Ne3+ Kd3 81. Nc2 Ba4 0-1

[Event "DEM U18w 2009"]
[Site "Willingen GER"]
[Date "2009.06.04"]
[Round "7"]
[White "Mertens, Pauline"]
[Black "Remy, Janina"]
[Result "0-1"]
[Termination "normal"]
[Board "4"]
[WhiteElo "1922"]
[BlackElo "1991"]
[PlyCount "126"]
[WhiteFideId "24671959"]
[BlackFideId "24627348"]
[EventCountry "GER"]
[EventRounds "9"]
[EventType "swiss"]
[EventDate "2009.05.30"]

1. e4 c6 2. d4 d5 3. exd5 cxd5 4. c4 Nf6 5. Nf3 g6 6. cxd5 Nxd5 7. Qb3 Nb6 8.
Nc3 Bg7 9. Bb5+ N8d7 10. a4 a6 11. Be2 Nf6 12. a5 Nbd5 13. Bc4 e6 14. O-O O-O
15. Bg5 h6 16. Bh4 g5 17. Bg3 b5 18. axb6 Nxb6 19. Be2 Nbd5 20. Ra3 Nh5 21. Be5
Nhf4 22. Bc4 g4 23. Bxd5 exd5 24. Bxf4 gxf3 25. Qd1 fxg2 26. Kxg2 Qh4 27. Qf3
Bh3+ 28. Qxh3 Qxf4 29. Rg1 Qxd4 30. Ra4 Qe5 31. Rg4 Kh7 32. Qd3+ f5 33. Rg3 d4
34. Ne2 Qe4+ 35. Kf1 Qxd3 36. Rxd3 Rfd8 37. Kg2 Rab8 38. b3 Rd6 39. Rgd1 a5 40.
Kf3 Rb5 41. h3 Kg6 42. Nf4+ Kf7 43. Ne2 Be5 44. Nxd4 Bxd4 45. Rxd4 Rxb3+ 46.
Kg2 Rxd4 47. Rxd4 Kf6 48. Rd6+ Kg5 49. Ra6 Ra3 50. h4+ Kxh4 51. Rxh6+ Kg5 52.
Ra6 a4 53. Ra8 Kf4 54. Ra7 Ra1 55. Ra8 Ra3 56. Ra7 Ke4 57. Re7+ Kd4 58. Rf7 Kc3
59. Rxf5 Rb3 60. Ra5 a3 61. f3 Kb2 62. Kg3 a2 63. Kg4 Ra3 0-1

[Event "DEM U18w 2009"]
[Site "Willingen GER"]
[Date "2009.06.04"]
[Round "7"]
[White "van Orsouw, Svenja"]
[Black "Lorenz, Nicole"]
[Result "1/2-1/2"]
[Termination "normal"]
[Board "5"]
[WhiteElo "1697"]
[BlackElo "1842"]
[PlyCount "75"]
[WhiteFideId "24677124"]
[BlackFideId "24623709"]
[EventCountry "GER"]
[EventRounds "9"]
[EventType "swiss"]
[EventDate "2009.05.30"]

1. e4 c5 2. c3 d5 3. exd5 Qxd5 4. d4 e6 5. Nf3 Nf6 6. Nbd2 Be7 7. Bc4 Qd8 8.
O-O O-O 9. Nb3 Qc7 10. dxc5 e5 11. Qe2 Nc6 12. h3 Bf5 13. Nh4 Bg6 14. Nxg6 hxg6
15. Be3 Nd7 16. Rad1 Ncb8 17. Qg4 Kh7 18. Rfe1 f5 19. Qf3 e4 20. Qf4 Qxf4 21.
Bxf4 Nxc5 22. Nxc5 Bxc5 23. Bd6 Bxd6 24. Rxd6 Nc6 25. Red1 Rad8 26. Rxd8 Rxd8
27. Rxd8 Nxd8 28. Bd5 g5 29. a4 Kg6 30. b4 Kf6 31. Kf1 Ke5 32. Bc4 Nc6 33. Ke2
Ne7 34. a5 f4 35. b5 Nd5 36. Kd2 b6 37. axb6 axb6 38. Be2 1/2-1/2

[Event "DEM U18w 2009"]
[Site "Willingen GER"]
[Date "2009.06.04"]
[Round "7"]
[White "Kickert, Germaine Helene"]
[Black "Strößner, Lena"]
[Result "1-0"]
[Termination "normal"]
[Board "6"]
[WhiteElo "1933"]
[BlackElo "1989"]
[PlyCount "85"]
[WhiteFideId "24614890"]
[BlackFideId "4623525"]
[EventCountry "GER"]
[EventRounds "9"]
[EventType "swiss"]
[EventDate "2009.05.30"]

1. e4 e6 2. d4 d5 3. Nc3 Bb4 4. Nge2 Nf6 5. e5 Nfd7 6. Be3 c5 7. f4 b6 8. a3
cxd4 9. Bxd4 Be7 10. Ng3 f6 11. Qg4 fxe5 12. fxe5 g6 13. Bd3 Nc5 14. Bb5+ Bd7
15. Bxc5 bxc5 16. Qxe6 Bxb5 17. Nxb5 Qa5+ 18. Nc3 d4 19. Nge4 Kd8 20. Qd5+ Kc7
21. Qxa8 dxc3 22. Nxc3 Rd8 23. Qf3 Nc6 24. Qf7 Kb8 25. O-O c4 26. Qxc4 Nxe5 27.
Qb5+ Qxb5 28. Nxb5 Rd2 29. Rac1 Bc5+ 30. Kh1 Nc4 31. b4 Bb6 32. Rf8+ Bd8 33. a4
a6 34. Nc3 Kc8 35. Rd1 Rxd1+ 36. Nxd1 h5 37. Rg8 Ne5 38. Ne3 Kd7 39. g3 Be7 40.
c3 Bg5 41. Nd1 Kc6 42. Re8 Kd6 43. Ra8 1-0

[Event "DEM U18w 2009"]
[Site "Willingen GER"]
[Date "2009.06.04"]
[Round "7"]
[White "Sancar, Alina"]
[Black "Hingst, Silke"]
[Result "0-1"]
[Termination "normal"]
[Board "7"]
[WhiteElo "1759"]
[BlackElo "1833"]
[PlyCount "50"]
[WhiteFideId "4624750"]
[BlackFideId "4624564"]
[EventCountry "GER"]
[EventRounds "9"]
[EventType "swiss"]
[EventDate "2009.05.30"]

1. d4 f5 2. Nf3 Nf6 3. g3 g6 4. Bg2 Bg7 5. c4 O-O 6. O-O d6 7. Nc3 c6 8. Re1
Qe8 9. e4 fxe4 10. Nxe4 Nxe4 11. Rxe4 Bf5 12. Re1 Bg4 13. d5 Nd7 14. h3 Bxf3
15. Bxf3 Qf7 16. dxc6 bxc6 17. Bxc6 Qxf2+ 18. Kh1 Rad8 19. Rxe7 Qxg3 20. Be3
Qxh3+ 21. Kg1 Ne5 22. Bd5+ Kh8 23. Bxa7 Qg3+ 24. Kh1 Qh4+ 25. Kg1 Qxe7 0-1

[Event "DEM U18w 2009"]
[Site "Willingen GER"]
[Date "2009.06.04"]
[Round "7"]
[White "Herbold, Nora Marina"]
[Black "Voss, Janine"]
[Result "1/2-1/2"]
[Termination "normal"]
[Board "8"]
[WhiteElo "1608"]
[BlackElo "1838"]
[PlyCount "133"]
[WhiteFideId "4624548"]
[BlackFideId "24677329"]
[EventCountry "GER"]
[EventRounds "9"]
[EventType "swiss"]
[EventDate "2009.05.30"]

1. e4 c5 2. Nf3 Nc6 3. d4 cxd4 4. Nxd4 g6 5. c4 Bg7 6. Be3 Nf6 7. Nc3 d6 8. Be2
Bd7 9. Qd2 O-O 10. O-O Nxd4 11. Bxd4 Bc6 12. Bd3 a5 13. Rac1 Nd7 14. Bxg7 Kxg7
15. Kh1 Nc5 16. Bb1 Rb8 17. Qd4+ Kg8 18. e5 Ne6 19. Qe3 b5 20. cxb5 Bxb5 21.
Rfd1 Bc6 22. b3 Qd7 23. exd6 exd6 24. Nd5 Bxd5 25. Rxd5 Rb5 26. Rxb5 Qxb5 27.
Bd3 Qe5 28. Qd2 Nc5 29. Bb1 Re8 30. Kg1 Nd7 31. g3 Kg7 32. Kf1 Nf6 33. Re1 Qc5
34. Rxe8 Nxe8 35. Qc2 Qd5 36. Qe4 Qe5 37. Qxe5+ dxe5 38. Bd3 Kf6 39. Ke2 Nd6
40. Ke3 Ke6 41. a3 f5 42. f3 Kd5 43. h3 h6 44. Ba6 Kc5 45. Kd3 e4+ 46. fxe4
fxe4+ 47. Ke3 Kb6 48. Be2 Kc5 49. Bd1 Kd5 50. g4 g5 51. Bc2 Ke5 52. Bd1 Kd5 53.
Be2 Kc5 54. Bf1 Kd5 55. b4 axb4 56. axb4 Nc8 57. Bg2 Nd6 58. Bf1 Nc8 59. b5 Nb6
60. Bg2 Nc4+ 61. Ke2 Kd4 62. Bh1 Nb6 63. Kd2 Nd5 64. Bg2 Nb6 65. Bh1 Nd5 66.
Bg2 Ke5 67. Bf1 1/2-1/2